Country gender assessment: (Record no. 4672)
[ view plain ]
| 000 -LEADER | |
|---|---|
| fixed length control field | 00648nam a2200181 4500 |
| 008 - FIXED-LENGTH DATA ELEMENTS--GENERAL INFORMATION | |
| fixed length control field | 240122b |||||||| |||| 00| 0 eng d |
| 020 ## - ISBN | |
| ISBN | 9789715617499 |
| 082 ## - DEWEY DECIMAL CLASSIFICATION NUMBER | |
| Classification number | 305.3 |
| Item number | ASI |
| 942 ## - ADDED ENTRY ELEMENTS (KOHA) | |
| Item Type | Reports |
| 110 ## - MAIN ENTRY--CORPORATE NAME | |
| Corporate Name | Asian Development Bank |
| 245 ## - TITLE STATEMENT | |
| Title | Country gender assessment: |
| Sub Title | Sri Lanka |
| 246 ## - VARYING FORM OF TITLE | |
| Title | Country gender assessment : |
| Sub Title | Sri Lanka |
| 260 ## - PUBLICATION, DISTRIBUTION, ETC. (IMPRINT) | |
| Place of Publication | Mandaluyong City: |
| Name of Publisher | Asian Development Bank, |
| Date of Copyright | 2008 |
| 300 ## - PHYSICAL DESCRIPTION | |
| Extent | x, 66 p. : ill. ; 28 cm |
| Physical Details | Bibliography included |
| 856 ## - ELECTRONIC LOCATION AND ACCESS | |
| Uniform Resource Identifier | <a href="https://www.adb.org/sites/default/files/institutional-document/32241/cga-sri.pdf">https://www.adb.org/sites/default/files/institutional-document/32241/cga-sri.pdf</a> |
| 650 ## - SUBJECT ADDED ENTRY--TOPICAL TERM | |
| Topical Term | Women in development- Sri Lanka |
| 650 ## - SUBJECT ADDED ENTRY--TOPICAL TERM | |
| Topical Term | Gender roles- Sri Lanka |
| Withdrawn status | Lost status | Source of classification or shelving scheme | Damaged status | Not for loan | Permanent location | Current location | Date acquired | Total Checkouts | Full call number | Barcode | Date last seen | Price effective from | Koha item type |
|---|---|---|---|---|---|---|---|---|---|---|---|---|---|
| Dewey Decimal Classification | Resource center, Muslim Women's Research And Action Forum | Resource center, Muslim Women's Research And Action Forum | 2024-01-22 | 305.3 ASI | RAF4910 | 2024-01-22 | 2024-01-22 | Reports |

